Armenian Homework #1 - Statistics

General Stats
  • This quiz has been taken 27 times
  • The average score is 5 of 16
Answer Stats
Hint Answer % Correct
Armenian Hay
79%
name anun
71%
day o'r
57%
mountain sar
57%
house / home tun
57%
diplomat divanaget
36%
strawberry yelak
29%
friend an'ker
14%
family antanik
14%
class / lesson das
14%
office grasenyak'
14%
city k'aghak'
14%
volunteer kamavor
14%
analyst verlutsaban
14%
student usanov
7%
report zeguits
7%
No matching quizzes found
Score Distribution
Percent of People with Each Score
Percentile by Number Answered
Your Score History
You have not taken this quiz